| 000 | 01035cam a22003135a 4500 | ||
|---|---|---|---|
| 001 | 16107449 | ||
| 005 | 20121003123538.0 | ||
| 008 | 100225s2010 enka b 001 0 eng | ||
| 010 | _a 2010286526 | ||
| 015 |
_aGBA981345 _2bnb |
||
| 016 | 7 |
_a015351555 _2Uk |
|
| 020 | _a9780123750280 (hbk.) | ||
| 020 | _a0123750288 (hbk.) | ||
| 035 | _a(OCoLC)ocn432406466 | ||
| 040 |
_aUKM _cUKM _dEGM _dYDXCP _dBTCTA _dMUU _dWAU _dCDX _dDLC |
||
| 042 | _alccopycat | ||
| 082 | 0 | 4 |
_a333.794 _222 _bLUN |
| 100 | 1 |
_aLund, Henrik. _912537 |
|
| 245 | 1 | 0 |
_aRenewable energy systems : _bthe choice and modeling of 100% renewable solutions / _cHenrik Lund. |
| 260 |
_aLondon : _bAcademic : _bElsevier, _cc.2010. |
||
| 263 | _a200911 | ||
| 300 |
_axvi, 275 p. : _bill. ; _c24 cm. |
||
| 500 | _aIncludes Index. | ||
| 504 | _aIncludes bibliographical references and index. | ||
| 650 | 0 |
_aRenewable energy sources. _912538 |
|
| 653 |
_bGen _cOctober2012 |
||
| 942 |
_2ddc _cBB |
||
| 999 |
_c13645 _d13645 |
||